000 00646nam a2200265Ia 4500
005 20260121165745.0
008 008 260114s9999 xx 000 0 eng d
020 _a9789811059902
037 _aEBOOK
040 _aCRL
040 _beng
040 _cCRL
041 _2eng
041 _aeng
084 _qCRL
100 _aJunxi Qian
_91055654
245 0 _aRe-visioning the Public in Post-reform Urban China
260 _bSpringer
260 _bSpringer
260 _c2018
856 _uhttps://link.springer.com/openurl?genre=book&isbn=978-981-10-5990-2
942 _cEBOOK
999 _c1621382
_d1621382